| 000 | 00453nam a22001817a 4500 | ||
|---|---|---|---|
| 003 | OSt | ||
| 005 | 20240717130429.0 | ||
| 008 | 240717b |||||||| |||| 00| 0 eng d | ||
| 020 | _a9780174443155 | ||
| 040 |
_aMUST LIB _cMUST |
||
| 082 |
_222 _a671 _bLYE |
||
| 100 |
_aP.F LYE _918847 |
||
| 245 |
_aMETALWORK THEORY: _bBook 3/ _cP.F LYE |
||
| 260 |
_aCHELTENHAM _bHarrap _c1971 |
||
| 300 |
_a72p _bill. _c21cm |
||
| 650 | _2metallics | ||
| 942 |
_2ddc _cO_SHELF |
||
| 999 |
_c9235 _d9235 |
||